| 000 | 00838nam a2200217 a 4500 | ||
|---|---|---|---|
| 003 | 0 | ||
| 005 | 20250422141628.0 | ||
| 008 | 970114s19uu xx 00 eng d | ||
| 050 |
_aPGS LC 3748.K6.P5 _b.N111 2003 |
||
| 100 | _aNa, Hyun Lyung. | ||
| 245 |
_aThe profile of Korean students studying in Southville International School and Colleges / _cHyun Lyung Na. |
||
| 260 |
_aLas PiƱas City, Philippines : _bSouthville International School and Colleges, _c2003. |
||
| 300 |
_a27 pages : _billustrations ; _c28 cm. |
||
| 504 | _aIncludes bibliographical references. | ||
| 650 |
_aKorean students _zPhilippines. |
||
| 650 | _aAdjustment (Psychology) in adolescence. | ||
| 650 |
_aCross-cultural studies _vStudents. |
||
| 650 |
_aAcculturation _zPhilippines. |
||
| 650 |
_aEducation _vSocial aspects _zPhilippines. |
||
| 942 |
_2lcc _cPASS |
||
| 999 |
_c96898 _d96898 |
||